Deindustrialization (Record no. 2023)

MARC details
000 -LEADER
fixed length control field 00318nam a22001337a 4500
008 - FIXED-LENGTH DATA ELEMENTS--GENERAL INFORMATION
fixed length control field 250303b |||||||| |||| 00| 0 eng d
020 ## - INTERNATIONAL STANDARD BOOK NUMBER
ISBN 0435330055
100 ## - MAIN ENTRY--AUTHOR
Author BAZEN, Stephen
245 ## - TITLE STATEMENT
Title Deindustrialization
260 ## - PUBLICATION, DISTRIBUTION, ETC. (IMPRINT)
Place of publication Oxford
Name of publisher Heineman Education
Date of publication 1973
300 ## - COLLATION
Pagination 92p.
942 ## - ADDED ENTRY ELEMENTS (KOHA)
Item type Books
050 ## - LIBRARY OF CONGRESS CALL NUMBER
Classification number HD58.5
Item number .H39
Holdings
Source of classification or shelving scheme Not for loan Permanent location Current location Date acquired Accession No. Full call number Barcode. Koha item type
Library of Congress Classification   Samuel Ogbemudia Main Library, University of Abuja Samuel Ogbemudia Main Library, University of Abuja 03/03/2025 91/003115 HD58.5.H39 2025-0164 Books